Minéraux, roches, fossiles de Méditerranée /

محفوظ في:

المؤلف الرئيسي: Dutour, Yves (مؤلف)

مؤلفون آخرون: Tortosa, Thierry.

التنسيق: كتاب

اللغة: French

سلاسل: Nature au Sud

الموضوعات:

الوسوم: إضافة وسم

لا توجد وسوم, كن أول من يضع وسما على هذه التسجيلة!

رقم الطلب: QE350.22 .M42 D88

LEADER 01055namaa2200289 4500
003 OSt
005 20200322145746.0
008 130303s2010 fr a g b 001 0 fre d
952 |0 0  |1 0  |2 lcc  |4 0  |6 QE035022 M42 D88  |7 1  |9 475  |a ARCE  |b ARCE  |d 2020-03-16  |l 0  |o QE350.22 .M42 D88  |p 1039177  |r 2020-03-16 00:00:00  |w 2020-03-16  |y BK 
999 |c 1409  |d 1409 
020 |a 9782744908620 
040 |c ARCE Library 
050 0 4 |a QE350.22 .M42 D88 
100 1 |a Dutour, Yves,  |e author  |9 29350 
245 1 0 |a Minéraux, roches, fossiles de Méditerranée /  |c Yves Dutour, Thierry Tortosa. 
264 1 |a Aix-en-Provence :  |b Edisud,  |c 2010. 
300 |a 207 pages :  |b illustrations (chiefly colour) ;  |c 21 cm. 
336 |a text  |b txt  |2 rdacontent 
337 |a unmediated  |b n  |2 rdamedia 
338 |a volume  |b nc  |2 rdacarrier 
490 0 |a Nature au Sud 
504 |a Includes bibliographical references (page 202) and index. 
650 0 |a Minerals  |z Mediterranean Region. 
650 0 |a Rocks  |z Mediterranean region. 
700 1 |a Tortosa, Thierry.  |9 41205 
901 |a reviewed 
942 |c BK  |2 lcc